[Event "Budapest FS12 GM-A"]
[Site "Budapest"]
[Date "2001.12.03"]
[Round "3"]
[White "Paschall, William M"]
[Black "Bakre, Tejas"]
[Result "1-0"]
[WhiteElo "2393"]
[BlackElo "2446"]
[Annotator "Bangiev,A"]
[PlyCount "179"]
[EventDate "2001.11.01"]
[EventType "tourn"]
[EventRounds "13"]
[EventCountry "HUN"]
[EventCategory "10"]
[SourceTitle "CBM 087"]
[Source "ChessBase"]
[SourceDate "2002.03.21"]
[SourceVersion "1"]
[SourceVersionDate "2002.03.21"]
[SourceQuality "1"]

1. e4 {Hecht} c5 2. Nc3 Nc6 3. f4 g6 4. Nf3 Bg7 5. Bc4 e6 6. f5 Nge7 7. fxe6
fxe6 8. d3 d5 9. Bb3 b5 10. O-O c4 11. dxc4 dxc4 12. Qxd8+ Nxd8 {Dies stellt
die Hauptvariante in diesem Abspiel dar. Eine Alternative besteht in 12...Kd8,
der allerdings einen guten Ruf bzw. eine gute Statistik hat, z.B.} (12... Kxd8
13. Nxb5 cxb3 14. Ng5 Nd4 (14... bxc2 15. Nf7+ Kd7 16. Rf2 Nd4 17. Nxh8 Nxb5
18. Nxg6 hxg6 19. Rxc2 Bd4+ 20. Kh1 e5 21. Bg5 Bb7 22. Re1 Re8 23. Rce2 Nd6 24.
h4 Nc6 {0-1 Topel,Z-Kisonova,K/Athens 2001/EXT 2002 (24)}) 15. Rd1 bxc2 16. Rd3
Nec6 17. e5 Ba6 18. Nxe6+ Ke7 19. Nexd4 Nxd4 20. Bg5+ Kf8 21. Rf1+ Kg8 22. Rxd4
Bxb5 23. Re1 h6 24. Bd2 Kh7 25. a4 Rad8 26. Rxd8 Rxd8 27. Ba5 Rd1 {0-1 Hassan,
O-Nilssen,J/Copenhagen 2001/CBM 83 ext (27)}) 13. Nxb5 cxb3 14. Nc7+ Kd7 15.
Nxa8 bxc2 16. Rf2 (16. Bf4 Ndc6 17. Nc7 e5 $17) 16... Bb7 17. Rd2+ $1 (17. Rxc2
Bxa8 18. Bf4 Ndc6 19. Rd1+ Ke8 $13) 17... Kc8 18. Rxc2+ Ndc6 ({Eine
Alternative besteht in} 18... Nec6 19. Be3 $5 (19. Bg5 Bxa8 20. Rac1 Kb8 (20...
Kc7 21. b4 Kb6 22. a4 Nxb4 23. Be3+ Ka5 24. Rc7 $16 {1/2-1/2 Biti,O-Jelen,I/
Zagreb 1997/EXT 99 (43)}) 21. Bxd8 Rxd8 22. Rxc6 Bxb2 {1/2-1/2 Karlsson,T-Sax,
G/Stockholm 1999/CBM 74 ext (22)}) 19... Kb8 (19... Bxa8 20. Bxa7 $14) 20. Nb6
axb6 21. Bxb6 Nf7 22. Rd1 Nfe5 23. Ng5 Bc8 24. a3 $16 {1-0 Bouzoukis,
C-Wojtkiewicz,A/Washington DC 1997/EXT 98 (33)}) 19. Bg5 $1 Re8 20. Rac1 Bxa8 (
20... Kd7 21. Rd1+ Kc8 22. Rd6 Bxa8 23. Bxe7 Rxe7 24. Rdxc6+ Bxc6 25. Rxc6+ Kd7
26. Ra6 Ke8 27. b3 Bh6 28. Kf2 {1-0 Gomez Cabrero,L-Sheldon,R/Oropesa del Mar
1998/CBM 67 ext (49)}) 21. Bxe7 Rxe7 22. Rxc6+ Bxc6 23. Rxc6+ Kb7 {[%mdl 8]
Eine Neuerung am 23. Zug! Hecht: '[#] In der weiteren Folge ist das Endspiel
nicht gerade umwerfend. Ein Bauer nach dem anderen verschwindet vom Brett, bis
nur noch der weiße a-Bauer übrig bleibt. Dann beginnt ein Baukastenspiel, das
uns interessiert.'} (23... Kd7 24. Ra6 {entsteht die Stellung aus der Partie
Gomez Cabrero,L-Sheldon,R/Oropesa del Mar 1998/CBM 67 ext 1-0 (49)}) 24. Rc2
Bh6 25. Kf2 Rd7 26. Ke2 Rd6 27. b3 {Weiß hat hier dank seinem Mehrbauern am
Damenflügel die klar besseren Aussichten im Endspiel.} Rd7 28. Rc4 a5 29. e5
Bg7 30. Rc5 Kb6 31. Rc8 Rd5 32. Re8 Bxe5 33. Rxe6+ Bd6 34. Nd2 Kc7 35. h3 Bb4
36. Nc4 Rg5 37. g4 Kd7 38. Ra6 Ke8 39. Kf3 Kf8 40. Ra8+ Kg7 41. Ra7+ Kg8 42. a3
Bc3 43. a4 Bb4 44. Rd7 h5 45. Ne3 hxg4+ 46. hxg4 Rc5 47. Nd5 Be1 48. Ke4 Rc2
49. Ke5 Rg2 50. Ke6 Bh4 51. Ra7 Re2+ 52. Kd6 Bg3+ 53. Kd7 Rb2 54. Rxa5 Rxb3 55.
Ke6 Kg7 56. Rb5 Ra3 57. Rb4 Kh6 58. Re4 Kg5 59. Kd7 Ra1 60. Rc4 Be1 61. Kc6 Rb1
62. Nc7 Kh4 63. Ne6 g5 64. Ng7 Kg3 65. Kd5 Bd2 66. Ke6 Rf1 67. Nf5+ Kh3 68. Rd4
Re1+ 69. Kf7 Bf4 70. Nh6 Ra1 71. Kg6 Kh4 72. Nf7 Kxg4 73. Nxg5 Kg3 74. Ne6 Be3
75. Rc4 Kf3 76. Kf5 {Hecht: '[#] Eigentlich sollte diese Position remis sein,
da Turm und Läufer als Bewacher des a-Bauern nur schwer auszuschalten sind.
Immerhin steht der schwarze König wegen der horizontalen Turmsperre ungünstig.'
} Bd2 {'?' Hecht. Hecht: 'Gestattet die Auflösung der Verteidigungslinie'} (
76... Ra2 {Hecht} 77. Ke5 Ke2 78. Kd5 Bd2 79. Nd4+ Kd1 80. Nc6 Bc3 81. Kc5 Bd2
82. Kb5 Ra1 83. Nb4 $140 {nebst a5 und a6}) (76... Rh1 $142 {Hecht} 77. Ke5
Rh5+ 78. Kd6 Ra5) 77. Nd4+ Kg3 78. Nb3 Rf1+ 79. Ke5 Bf4+ 80. Kd5 Rd1+ 81. Kc6
Kg4 82. a5 Kf5 83. a6 Be3 84. Nc5 Ra1 85. Ra4 Rc1 86. Ra5 Kf6 87. a7 Bxc5 88.
Rxc5 Ra1 89. Kb7 Rb1+ 90. Ka6 1-0

[Event "USA-ch Gr-A"]
[Site "Denver"]
[Date "1998.11.03"]
[Round "4"]
[White "Kudrin, Sergey"]
[Black "De Firmian, Nick E"]
[Result "0-1"]
[WhiteElo "2540"]
[BlackElo "2605"]
[Annotator "Bangiev,A"]
[PlyCount "104"]
[EventDate "1998.10.31"]
[EventType "tourn"]
[EventRounds "7"]
[EventCountry "USA"]
[EventCategory "13"]
[SourceTitle "CBM 068"]
[Source "ChessBase"]
[SourceDate "1999.02.01"]
[SourceVersion "1"]
[SourceVersionDate "1999.02.01"]
[SourceQuality "1"]

1. e4 c5 2. Nc3 d6 3. f4 g6 4. Bc4 Nc6 5. Nf3 Bg7 6. O-O Nf6 7. Qe1 O-O 8. d3
Nd4 9. Bb3 (9. Nxd4 cxd4 10. Ne2 d5 $5) 9... Nxb3 10. axb3 e6 11. e5 Ne8 12.
Ne4 $146 (12. Be3 b6 13. Bf2 Bb7 14. Bh4 Qd7 15. Rd1 f6 16. Ne4 dxe5 17. fxe5
f5 18. Nc3 Nc7 19. d4 Bxf3 20. Rxf3 cxd4 21. Bf2 Nb5 22. Nxb5 Qxb5 23. Bxd4
Rad8 24. Rfd3 Rd7 25. Bc3 Rfd8 26. Rxd7 Rxd7 27. Rxd7 Qxd7 28. Qe2 Qd5 29. Kf2
Bf8 30. b4 Bxb4 31. Bxb4 Qd4+ 32. Kf3 Qxb4 33. Ke3 Qe4+ 34. Kf2 Qb4 35. c4 Qc5+
36. Kf3 Qd4 37. h3 g5 38. g3 a5 39. Kg2 Kg7 40. Kh2 Kg6 41. g4 h5 42. gxf5+
exf5 43. c5 Qxc5 44. e6 Qd6+ 45. Kh1 Qd5+ {0-1 Kovacevic,P-Tosic,M/Igalo 1994/
EXT 97 (45)}) 12... b6 13. b4 $5 (13. Bd2 $5 {/\b4}) 13... f5 $1 (13... d5 14.
Nf2 $14) (13... cxb4 14. Qxb4 $14) 14. Nf2 $6 (14. exf6 $142 Nxf6 15. bxc5 bxc5
16. Nc3 $36) 14... cxb4 15. exd6 (15. Qxb4 Bb7 $36) 15... b3 $1 (15... Nxd6 16.
Qxb4 $14) 16. cxb3 Nxd6 $15 17. Ra2 $2 {/\Bd2,Bc3} (17. Qe2 $142) 17... Nf7 $1
{/\e6-e5} 18. Bd2 Bb7 $17 19. Bc3 (19. Ne5 $2 Nxe5 20. fxe5 Qd5 $19) (19. Qe2
$142 Qd5 $36) 19... Bxf3 20. gxf3 Qd5 21. Bxg7 Kxg7 22. Qc3+ Kg8 $17 23. d4
Rfd8 24. Rd1 Rac8 25. Qd3 Rc7 26. Kg2 Nd6 27. Nh3 h6 28. Ng1 Ne8 $5 {/\Nf6-d5}
(28... Nb5 29. Ra4 Rdc8 30. Ne2) 29. Ne2 Nf6 30. Ra4 Rdc8 31. Rd2 Qd6 32. Rc4
Nd5 $19 33. Rd1 $2 Rxc4 34. bxc4 Rxc4 35. Kf2 Qc7 36. Rd2 Kf7 37. Qb3 a5 38.
Qd3 a4 39. b3 axb3 40. Qxb3 g5 41. Ra2 gxf4 42. Ra8 Qe7 $1 43. Qxc4 Qh4+ 44.
Ng3 Qxh2+ 45. Ke1 fxg3 46. Qc8 Qf2+ 47. Kd1 Qxd4+ 48. Kc2 Qc5+ 49. Qxc5 bxc5
50. Kd2 h5 51. Ke1 h4 52. Rh8 Nf4 0-1

[Event "Escaldes zt"]
[Site "Escaldes"]
[Date "1998.11.13"]
[Round "8"]
[White "Illescas Cordoba, Miguel"]
[Black "San Segundo Carrillo, Pablo"]
[Result "1-0"]
[WhiteElo "2605"]
[BlackElo "2490"]
[Annotator "Bangiev,A"]
[PlyCount "91"]
[EventDate "1998.11.06"]
[EventType "swiss"]
[EventRounds "9"]
[EventCountry "AND"]
[SourceTitle "CBM 068"]
[Source "ChessBase"]
[SourceDate "1999.02.01"]
[SourceVersion "1"]
[SourceVersionDate "1999.02.01"]
[SourceQuality "1"]

1. e4 c5 2. Nc3 d6 3. f4 Nc6 4. Nf3 Nf6 5. Bb5 g6 6. d3 Bg7 7. O-O Bg4 (7...
O-O 8. Bxc6 bxc6 9. Qe1 $14) (7... Bd7 8. e5 $36) 8. Qe1 Bxf3 9. Rxf3 Nd7 (9...
O-O 10. Bxc6 bxc6 11. f5 Nd7 12. Bg5 $36) 10. Bxc6 bxc6 11. Bd2 (11. f5 Ne5 12.
Rf1 Qd7 $132) 11... Rb8 $6 (11... Nb6 $6 12. b3) (11... O-O 12. f5 $36) (11...
Qb6 $5) 12. b3 Nf8 (12... e6 13. Qe2 O-O 14. f5 $5) (12... O-O 13. f5 Ne5 14.
Rh3 e6 15. Qe2 exf5 16. exf5 Qd7 17. Rf1 Rfe8 18. Ne4 $36 gxf5 $2 19. Qh5 $40)
13. Rd1 Ne6 14. Ne2 $1 Nd4 15. Nxd4 cxd4 16. Qe2 $14 Rb5 17. a4 Rb7 18. Rdf1 f5
$6 (18... d5 19. f5 O-O 20. Rh3 $36) 19. exf5 gxf5 20. Rh3 $1 Kd7 $2 (20... Qd7
$142 21. Re1 Bf6 $14) 21. Re1 $16 Kc8 22. Qe6+ Qd7 23. Rxh7 $1 $16 Qxe6 (23...
Rxh7 24. Qg8+) 24. Rxh8+ Bxh8 25. Rxe6 Bf6 26. h3 Kd7 27. Re2 e5 28. g4 $1 $18
Ke6 29. Kg2 Rh7 30. Be1 Bh8 31. Bg3 Bf6 32. Bf2 c5 33. Bg3 Bh8 34. fxe5 dxe5
35. gxf5+ Kxf5 36. Rf2+ Ke6 37. Rf8 Bf6 38. Rg8 Be7 39. a5 Kf5 40. a6 Rh6 (
40... e4 41. dxe4+ Kxe4 42. Rb8 Bf6 43. Rb7 Re7 44. Bb8) 41. Re8 Bd6 42. h4 Kg4
43. Rg8+ Kf5 44. Rg5+ Ke6 45. Kf3 Kd5 46. Kg4 1-0

[Event "Hastings 0102 77th"]
[Site "Hastings"]
[Date "2002.01.01"]
[Round "4"]
[White "Harikrishna, Pentala"]
[Black "Gallagher, Joseph G"]
[Result "1-0"]
[WhiteElo "2502"]
[BlackElo "2511"]
[Annotator "Bangiev,A"]
[PlyCount "77"]
[EventDate "2001.12.29"]
[EventType "tourn"]
[EventRounds "9"]
[EventCountry "ENG"]
[EventCategory "11"]
[SourceTitle "CBM 087"]
[Source "ChessBase"]
[SourceDate "2002.03.21"]
[SourceVersion "1"]
[SourceVersionDate "2002.03.21"]
[SourceQuality "1"]

1. e4 c5 2. Nc3 Nc6 3. Bb5 Nd4 4. Bc4 e6 5. Nge2 Nf6 {Dies stellt die
Hauptvariante in diesem Abspiel dar.} (5... Ne7 6. Nxd4 $1 (6. O-O d5 $1 7.
exd5 exd5 8. Nxd5 {Dieses Springeropfer ist noch nicht ausreichend untersucht.}
Nxd5 9. Nxd4 cxd4 10. Qh5 Ne7 $1 (10... Be6 11. Re1 $16) 11. Bxf7+ Kd7 $13 12.
d3 Nc6 13. Re1 Bd6 {0-1 Heredia Tarrats,A-Alonso Moyano,J/Barcelona 2000/(27)})
6... cxd4 7. Ne2 Nc6 8. O-O Bc5 9. d3 O-O 10. a3 a5 11. Ng3 Ne5 12. Ba2 Qh4 13.
h3 $14 {1-0 Rotstein,A-Mertens,K/Seefeld 2001/(35)}) 6. O-O a6 (6... d5 7. exd5
exd5 8. Nxd4 dxc4 9. Re1+ Be7 10. Nf3 $14 {/\Ne5}) 7. d3 b5 {Ein neuer Zug.
Der thematische Zug ist hier der Vorstoß d5.} (7... d5 $5) 8. Bb3 Nxb3 9. axb3
b4 10. Nb1 d5 {Ein aktiver, aber auch ein riskanter Zug. Wie soll sich nun die
schwarze Bauernstruktur am Damenflügel entwickeln? Die blockierten Bauern auf
c5 und b4 können zum Angriffsziel für Weiß werden.} (10... d6 {Dies sollte die
Bauernkette stützen.}) 11. Ng3 h5 12. Bg5 h4 13. Ne2 dxe4 14. dxe4 Qc7 15. Nd2
h3 16. g3 Bb7 17. f3 {/\Nc4} c4 {[%mdl 512] Eine risikoreiche Idee. Für den
Bauern bekommt Schwarz eine aktive Figurenaufstellung. Mehr nicht.} (17... Rd8
18. Qe1 Qe5 19. Bxf6 Qxf6 20. Nc4) 18. Nxc4 Bc5+ 19. Be3 Bxe3+ 20. Nxe3 Rd8 21.
Qe1 Qc5 22. Qf2 $16 {Weiß verfügt über eine sichere Stellung und einen
Mehrbauern.} O-O 23. Nc4 Qg5 24. Qe3 Qxe3+ 25. Nxe3 Rd2 26. Kf2 Rc8 27. Rfd1
Rxd1 28. Rxd1 g5 29. g4 Rc7 30. Ng1 Nd7 31. Nxh3 f6 32. Kg3 Ne5 33. Nf2 a5 34.
Nd3 Ng6 35. Ra1 Ba6 36. Nxb4 axb4 37. Rxa6 Nf4 38. Rb6 Rh7 39. Rb8+ 1-0

[Event "GER-ch 73th"]
[Site "Altenkirchen"]
[Date "2001.12.04"]
[Round "5"]
[White "Bastian, Herbert"]
[Black "Grafl, Florian"]
[Result "0-1"]
[WhiteElo "2353"]
[BlackElo "2317"]
[Annotator "Bangiev,A"]
[PlyCount "64"]
[EventDate "2001.11.30"]
[EventType "swiss"]
[EventRounds "9"]
[EventCountry "GER"]
[SourceTitle "CBM 087"]
[Source "ChessBase"]
[SourceDate "2002.03.21"]
[SourceVersion "1"]
[SourceVersionDate "2002.03.21"]
[SourceQuality "1"]

1. e4 c5 2. Nc3 a6 3. g3 b5 4. a3 {Weiß möchte den Vorstoß b4 verhindern,
obwohl der aus schwarzer Sicht umstritten ist.} (4. Bg2 Bb7 5. d3 e6 6. f4 Nf6
7. Nf3 {sind die üblichen Züge.}) 4... Bb7 5. Bg2 e6 6. Nh3 {Ein
bemerkenswerter Zug. Er soll die Diagonale d1-h5 für die weiße Dame offen
halten.} Nf6 7. d3 d6 8. O-O Nc6 9. f4 Nd7 10. f5 e5 11. Nd5 $5 {Weiß
beabsichtigt damit und mit den folgenden Zügen das schwarze Zentrum mittels c3
gefolgt von d4 zu öffnen. Ein typischer Plan für derartige Positionen besteht
im Vorstoß g4 mit nachfolgender Überführung des Nc3 nach g3, mit guten
Aussichten am Königsflügel.} Nb6 12. f6 $5 g6 (12... Nxd5 13. exd5 Nb8 14. fxg7
Bxg7 15. Qg4 $16) 13. c3 $5 h6 14. Be3 Nb8 15. Qe2 N8d7 (15... Nxd5 16. exd5
Nd7 17. d4 Nxf6 18. dxe5 dxe5 19. Bf4 $40) 16. d4 $1 Nxd5 17. exd5 Qb6 {
/\ 0-0-0} (17... Nxf6 18. dxe5 dxe5 19. Bf4 Bxd5 20. Bxd5 Qxd5 21. Bxe5 $18)
18. b4 O-O-O 19. Qf2 $6 {Weiß möchte damit den Druck auf den Bauern auf c5
verstärken.} (19. bxc5 dxc5 20. a4 $5 {Die Stellung braucht von Weiß das
schnelle Angreifen mit dem Ziel die Königsstellung zu öffnen..} cxd4 21. cxd4
exd4 22. Rfc1+ Bc5 (22... Kb8 23. Bf4+ Ka8 24. Bc7) 23. Bxd4 Kb8 24. Rxc5 Nxc5
25. axb5 $1 axb5 26. Qf2 $16) 19... exd4 20. cxd4 c4 $1 {Ein offensichtlicher
Zug, mit dem Weiß möglicherweise nicht gerechnet hatte. Weiß hat den Angriff
am Damenflügel verloren, besitzt Schwächen auf f6 und den weißen Feldern.} 21.
Rae1 Re8 22. g4 g5 $1 23. Qf5 Qd8 24. Bd2 Rxe1 25. Bxe1 Rg8 $1 {/\Rg6 mit dem
Gewinn des Pf6.} 26. Qh7 Rg6 27. Qxf7 Rxf6 28. Rxf6 Qxf6 29. Qe8+ Kc7 30. Bf2
Be7 31. Be3 $2 {Dies stellt die Dame ein.} (31. Qg8 $17) 31... Qg7 $1 $19 {
/\Nf6} 32. Nf2 Nf6 0-1

[Event "United Insurance 4th"]
[Site "Dhaka"]
[Date "1999.02.20"]
[Round "2"]
[White "Short, Nigel D"]
[Black "Zagrebelny, Sergey"]
[Result "1-0"]
[WhiteElo "2697"]
[BlackElo "2506"]
[Annotator "Bangiev,A"]
[PlyCount "71"]
[EventDate "1999.02.19"]
[EventType "tourn"]
[EventRounds "13"]
[EventCountry "BAN"]
[EventCategory "10"]
[SourceTitle "CBM 070"]
[Source "ChessBase"]
[SourceDate "1999.06.08"]
[SourceVersion "1"]
[SourceVersionDate "1999.06.08"]
[SourceQuality "1"]

1. e4 c5 2. Nc3 d6 3. Nge2 a6 4. f4 Nf6 {Die schwarze Zugreihefolge ist so zu
erklären: der Nachziehende wartet auf 5.d4, was mit Zugumstellung zur
Najdorf-Variante führen sollte.} 5. d3 {Die Najdorf-Variante ist damit
abgelehnt. Dabei nutzt der Anziehende den Umstand, daß der Bauernzug 3...a6
keine Verstärkung der schwarzen Stellung darstellt.} Nc6 6. g3 {Beachtenswert
in dieser Partie ist der Kampf zwischen weißen und schwarzen Bauernstrukturen.
Es ist sehr interessant zu beobachten, wie die Bauernstrukturen sich
entwickeln und gegeneinander kämpfen.} g6 7. Bg2 Bg7 {[%cal Yc5d4,Yc6d4,Yg7d4]
Schwarz konzentriert sich auf den Punkt d4, um die weiße Initiative im Zentrum
zu blockieren.} 8. O-O O-O 9. h3 {[%cal Yg3g4,Yf4f5] Weiß bereitet die
Entwicklung eines Angriffs am Königsflügel vor. Der entstehende Stellungstyp
ist recht bekannt, allerdings ohne schwarzen Bauern auf a6. Das soll heißen,
daß Weiß ein Mehrtempo hat. Ein paar Beispielpartien:} Bd7 (9... Ne8 10. f5 Nd4
11. Nxd4 Bxd4+ 12. Kh1 Ng7 13. Bh6 Be5 14. g4 Bd7 15. Rb1 Bc6 16. Qf3 $36 {
1-0 Algazal,H-Salazar,D/Dubai 1986/(34)}) (9... e5 10. Be3 Nd4 11. Qd2 Bd7 12.
Rae1 Qc8 13. g4 h5 14. g5 Nh7 15. Nd5 Nxe2+ 16. Rxe2 $16 {1-0 Waller,
H-Wersching,F/Zalakaros 1993/(26)}) 10. Be3 {[%cal Yd3d4]} b5 {[%cal Yb5b4,
Yg7c3,Yc3b2] Dieser typische Vorstoß am Damenflügel wird in der Regel durch
Rb8 (und nicht durch a6!) vorbereitet.} 11. a3 {[%cal Ya3b4,Yd1d2,Yf4f5,Ye3h6]}
Ne8 {[%cal Yf7f5,Yg7b2,Yb2a1] /\f5} (11... Rb8 12. Qd2 a5 13. f5 b4 14. axb4
axb4 15. Nd1 $36 {[%cal Ye3h6]}) 12. Rb1 {Der Schwarze soll auch mit dem
Bauernvorstoß d3-d4 rechnen, was zu einer typischen Drachen-Stellung führen
sollte.} Nd4 {Dies soll d3-d4 verhindern.} 13. b4 $1 {[%cal Yb4c5] Die
Unterminierung des schwarzen Vorpostens auf d4.} Rc8 14. g4 {/\f5} f5 15. gxf5
$1 {Weiß strebt in dieser Variante nach Öffnung des Spiels am Königsflügel.}
gxf5 16. bxc5 dxc5 {[%csl Ye5,Yg5] Dem Weißen ist es gelungen, die dunklen
Felder im schwarzen Lager wesentlich zu schwächen. Dieser Umstand soll den
schwarzfeldigen Läufer auf g7 stark überlasten.} 17. Ng3 $1 {[%cal Yg3h5]} (17.
e5 Bc6 18. Rf2 $14) 17... e6 18. Kh2 {[%cal Yf1g1]} (18. Nh5 $6 Bh8) 18... b4
$2 (18... Qa5 $5 19. Bd2 b4 20. axb4 cxb4) 19. axb4 $1 {Nun verliert der
Nachziehende die Kontrolle über den lebenswichtigen Punkt d4.} cxb4 20. Bxd4 $1
{Eine tiefdurchdachte taktische Aktion, mit dem Ziel, einen Angriff auf der
g-Linie zu erlangen.} (20. Rxb4 Nxc2 $132) 20... Bxd4 21. Nce2 {[%cal Ye2d4,
Yb1b4]} {[%tqu "De","Die weiße Initiative hat seinen Höhepunkt erreicht. Es
droht 22.Sd4 bzw. 22.Tb4. Was ist zu tun?","","","d8b6","Man darf nicht in
dieser Stellung angesichts der zahlreichen schwarzfeldigen Schwächen den
schwarzfeldrigen Läufer tauschen lassen.",0,"d4g7","Die bessere Entscheidung.
Schwarz verliert damit den Bauern auf b4, aber dank seines Läuferpaars und des
entfernten Freibauern a6 ist er in der Lage um Ausgleich zu kämpfen.",10]} Qb6
$6 {[%mdl 16384]} (21... Bg7 $142 22. Rxb4) 22. Nxd4 Qxd4 23. exf5 $1 exf5 24.
Bb7 Rc7 25. Bxa6 {/\Bc4} Nd6 26. Ne2 $1 $40 {[%cal Yf1g1] Der Schlüsselzug der
weißen taktischen Idee. Dem Anziehenden es ist gelungen, mit Tempogewinn die
g-Linie zu erobern.} Qc5 27. Rg1+ Kf7 (27... Kh8 28. Rxb4 {[%cal Yd1a1]}) 28.
Qe1 $1 {[%cal Ye1b4,Ye1g3,Yg3h4]} (28. d4 Qxc2) 28... Re8 $6 (28... Rc6 29. Qh4
$1 {[%mdl 640]} (29. Ra1 Qxc2) 29... Rxa6 30. Rbe1 {[%csl Ye7,Yg7]} Nc8 31. Nd4
$1 Rh8 $8 32. Nf3 {[%csl Ye5,Yg5]} Qxc2+ (32... Rg6 33. Ne5+) 33. Rg2 Qxg2+ 34.
Kxg2 $18) 29. d4 Qxc2 30. Qg3 $1 Rxe2+ 31. Bxe2 Qxe2+ 32. Rg2 $18 Qe6 33. d5
Qf6 34. Qg8+ Ke7 35. Rg7+ Nf7 36. Rxf7+ 1-0

[Event "EU-Cup 18th"]
[Site "Kallithea"]
[Date "2002.09.27"]
[Round "6.2"]
[White "Tiviakov, Sergei"]
[Black "Relange, Eloi"]
[Result "1/2-1/2"]
[WhiteElo "2628"]
[BlackElo "2494"]
[Annotator "Bangiev,A"]
[PlyCount "29"]
[EventDate "2002.09.22"]
[EventType "team-swiss"]
[EventRounds "7"]
[EventCountry "GRE"]
[SourceTitle "CBM 092"]
[Source "ChessBase"]
[SourceDate "2003.02.06"]
[SourceVersion "1"]
[SourceVersionDate "2003.02.06"]
[SourceQuality "1"]
[WhiteTeam "Skopje Alkaloid"]
[BlackTeam "Clichy Echecs 92"]
[WhiteTeamCountry "MKD"]
[BlackTeamCountry "FRA"]

1. e4 c5 2. Nc3 d6 3. f4 Nc6 4. Nf3 g6 5. Bc4 Bg7 6. O-O e6 7. d3 Nge7 8. Qe1
h6 9. Bb3 a6 10. Bd2 {Die anderen weißen Möglichkeiten sind hier 10.a4 und 10.
e5} b5 11. Nh4 (11. f5 gxf5 12. Nh4 f4 13. Bxf4 Ne5 14. Qg3 Rg8 15. Kh1 Qc7 16.
Nf3 Bh8 17. Qh3 Ng4 $13 {1-0 Sutovsky,E-Psakhis,L/Israel 1999/EXT 2000 (50)})
11... O-O (11... b4 12. Nd1 {1/2-1/2 Sutovsky,E-Gelfand,B/Tel Aviv 1999/CBM 71
(12)}) 12. Qg3 Nd4 13. Rae1 {/\f5} Kh7 {Ein interesanter Zug, der gegen den
Vorstoß f5 gerichtet ist.} (13... a5 14. f5 $1 exf5 15. Nd5 Nxb3 (15... fxe4 $2
16. Nxe7+ Qxe7 17. Nxg6) 16. Nxe7+ Qxe7 17. axb3 fxe4 18. Rxe4 $44) 14. Nd1 (
14. f5 exf5 15. Nd5 fxe4 $1) 14... d5 (14... a5 15. a4 $5) 15. exd5 1/2-1/2